Normal view
MARC view
Entry Personal Name
001 - CONTROL NUMBER
- control field: 56458
003 - CONTROL NUMBER IDENTIFIER
- control field: dpl
005 - DATE AND TIME OF LATEST TRANSACTION
- control field: 20230912152550.0
008 - FIXED-LENGTH DATA ELEMENTS
- fixed length control field: 230912|| aca||aabn | a|a d
040 ## - CATALOGING SOURCE
- Original cataloging agency: dpl
- Transcribing agency: dpl
100 ## - HEADING--PERSONAL NAME
- Personal name: भट्ट,कृष्ण गोपाल
670 ## - SOURCE DATA FOUND
- Source citation: Work cat.: (dpl)198039: भट्ट,कृष्ण गोपाल, तन में जल की बावड़ी/, 2022
